[Event "British Chess Championships 2023: AM Tournament Open"]
[Site "De Montfort University, 20 Western Boulevard, Leicester, LE2 7BU"]
[Date "2023.07.29"]
[Round "6"]
[Board "1"]
[White "Clarke, Brandon Gi"]
[Black "Surtees, Mike J"]
[Result "1-0"]
[WhiteElo "2577"]
[BlackElo "2165"]
[PlyCount "0"]
[EventDate "2023.07.24"]
[EventRounds "6"]
[EventCountry "ENG"]

1. e4 c6 2. d4 d5 3. e5 Bf5 4. Nf3 e6 5. Be2 Nd7 6. O-O h6 7. Nbd2 g5 8. Nb3 g4 9.
Ne1 h5 10. a4 f6 11. f4 a5 12. g3 Nh6 13. Ng2 Be4 14. Nd2 Bxg2 15. Kxg2 f5 16. Rh1
c5 17. c4 Nb6 18. dxc5 Bxc5 19. Nb3 Qc7 20. Nxc5 Qxc5 21. cxd5 Nxd5 22. Qb3 O-O 23.
Bd2 h4 24. Rhd1 Qd4 25. Qd3 h3+ 26. Kf1 Qa7 27. Ra3 Nf7 28. Be3 b6 29. Bf2 Qb7 30.
Bxg4 fxg4 31. Qg6+ Kh8 32. Qh5+ Kg7 33. Qxg4+ Kh7 34. Qxh3+ Nh6 35. Qxe6 Rad8 36.
Rad3 Rfe8 37. Qh3 Ne3+ 38. Bxe3 Qf3+ 39. Ke1 Rxd3 40. Rxd3 Re7 41. f5 Qh1+ 42. Kd2
 1-0

[Event "British Chess Championships 2023: AM Tournament Open"]
[Site "De Montfort University, 20 Western Boulevard, Leicester, LE2 7BU"]
[Date "2023.07.29"]
[Round "6"]
[Board "2"]
[White "Verma, Aditya"]
[Black "Dicen, Elis Denele"]
[Result "1-0"]
[WhiteElo "2247"]
[BlackElo "2030"]
[PlyCount "0"]
[EventDate "2023.07.24"]
[EventRounds "6"]
[EventCountry "ENG"]

1. e4 e6 2. d4 d5 3. Nd2 dxe4 4. Nxe4 Nd7 5. Nf3 Ngf6 6. Nxf6+ Nxf6 7. g3 c5 8. Bg2
cxd4 9. Qxd4 Qxd4 10. Nxd4 a6 11. O-O Bd6 12. Rd1 Ke7 13. Re1 Kf8 14. Nb3 Rb8 15.
Be3 b6 16. Rad1 Bc7 17. c4 Bb7 18. Bxb7 Rxb7 19. Rd3 Ng4 20. Bd2 Ke7 21. Bb4+ Ke8
22. Bc3 Rg8 23. h3 Nf6 24. c5 bxc5 25. Nxc5 Ra7 26. Bd4 Ra8 27. Rb3 Nd5 28. Rb7 g6
29. Rc1 Kd8 30. Ne4 Rb8 31. Rcxc7 Rxb7 32. Rxb7 Ne7 33. Bf6 Re8 34. Nd6 Rg8 35. Bxe7#
 1-0

[Event "British Chess Championships 2023: AM Tournament Open"]
[Site "De Montfort University, 20 Western Boulevard, Leicester, LE2 7BU"]
[Date "2023.07.29"]
[Round "6"]
[Board "3"]
[White "Phan, Stefanus"]
[Black "Sedykh, Mikhail"]
[Result "1-0"]
[WhiteElo "2158"]
[BlackElo "2222"]
[PlyCount "0"]
[EventDate "2023.07.24"]
[EventRounds "6"]
[EventCountry "ENG"]

1. c4 e6 2. g3 d5 3. Bg2 Nf6 4. Nf3 d4 5. O-O Be7 6. d3 Nc6 7. e3 dxe3 8. Bxe3 e5
9. Nc3 O-O 10. a3 a5 11. d4 exd4 12. Nxd4 Nxd4 13. Bxd4 Bg4 14. Qd2 Bc5 15. Nd5 Bxd4
16. Qxd4 Nxd5 17. cxd5 Qd7 18. Rfc1 c6 19. Rc4 Bh3 20. Bxh3 Qxh3 21. dxc6 bxc6 22.
Rd1 Qe6 23. Qc3 Rfc8 24. a4 h6 25. Re1 Qd5 26. Rc5 Qd6 27. Rc1 Rab8 28. Rxa5 Rb6
29. Ra7 c5 30. a5 Rbc6 31. Re1 c4 32. Rae7 Qc5 33. R1e5 Qd6 34. Qf3 Qg6 35. Rf5 f6
36. Rb5 c3 37. bxc3 Rxc3 38. Qd5+ Kh8 39. Rbb7 Rd3 40. Qf7 Qxf7 41. Rxf7 Ra3 42.
Rxg7 Rxa5 43. Rh7+ Kg8 44. Rxh6 Rf5 45. Rg6+ Kf8 46. f4 Rc2 47. Rgg7 Rd5 48. Rgd7
Rxd7 49. Rxd7 Kg8 50. Rd1 Kg7 51. g4 Kg6 52. Rf1 f5 53. h3 Rc4 54. Kg2 Ra4 55. Kg3
Ra3+ 56. Rf3 Ra1 57. Rb3 Rg1+ 58. Kf2 Rc1 59. Rb6+ Kg7 60. Kg3 Rf1 61. g5 Rg1+ 62.
Kf2 Rc1 63. Rf6 Rc5 64. h4 Ra5 65. h5 Ra2+ 66. Ke3 Ra3+ 67. Kd4 Ra4+ 68. Ke5 Ra5+
69. Ke6 Rb5 70. Rf7+ Kg8 71. Rd7 Kf8 72. h6 Kg8 73. g6 Rb8 74. Kf6 Rb6+ 75. Kg5 Rb8
76. h7+  1-0

[Event "British Chess Championships 2023: AM Tournament Open"]
[Site "De Montfort University, 20 Western Boulevard, Leicester, LE2 7BU"]
[Date "2023.07.29"]
[Round "6"]
[Board "4"]
[White "Lee, Alexandre Km"]
[Black "Subramanian, Anusha"]
[Result "1/2-1/2"]
[WhiteElo "1693"]
[BlackElo "2029"]
[PlyCount "0"]
[EventDate "2023.07.24"]
[EventRounds "6"]
[EventCountry "ENG"]

1. e4 c6 2. d4 d5 3. e5 Bf5 4. h4 h5 5. c4 e6 6. Nc3 dxc4 7. Bxc4 Nd7 8. Nge2 Be7
9. g3 Nh6 10. Be3 Qc7 11. Bd3 Bxd3 12. Qxd3 O-O-O 13. Qc2 Nf5 14. Ne4 Nb6 15. O-O-O
Nxe3 16. fxe3 Nd5 17. Qd3 c5 18. N2c3 cxd4 19. exd4 Nb4 20. Qf3 Nxa2+ 21. Kb1 Nxc3+
22. Nxc3 Rhf8 23. Rc1 Kb8 24. Nd5 Qd7 25. Rc7 Qxd5 26. Qxd5 Rxd5 27. Rxe7 Rxd4 28.
Rc1 Rc8 29. Rf1 Rc7 30. Re8+ Rc8 31. Re7 Rf8 32. Rc1 Rb4 33. Rcc7 a5 34. Rc5 Rb3
35. Rxa5 Rb6 36. Rc5 Ka7 37. Rcc7 Rb5 38. Rxf7 Rxf7 39. Rxf7 Rxe5 40. Rxg7 Kb6 41.
Rg5 Rf5 42. Kc2 Kc5 43. Kd3 Kd5 44. Rxf5+ exf5 45. Ke3 Ke5 46. Kf3 b5 47. Ke3 b4
48. b3 Kd5 49. Kf4 Kd4 50. Kxf5 Kc3 51. g4 hxg4 52. Kxg4 Kxb3 53. h5 Ka2 54. h6 b3
55. h7 b2 56. h8=Q b1=Q 57. Qa8+ Kb2 58. Qb7+ Kc2 59. Qxb1+ Kxb1  1/2-1/2

[Event "British Chess Championships 2023: AM Tournament Open"]
[Site "De Montfort University, 20 Western Boulevard, Leicester, LE2 7BU"]
[Date "2023.07.29"]
[Round "6"]
[Board "5"]
[White "Raju, Sooraj Menothuparambil"]
[Black "Collinson, Mark I"]
[Result "1-0"]
[WhiteElo "2207"]
[BlackElo "2034"]
[PlyCount "0"]
[EventDate "2023.07.24"]
[EventRounds "6"]
[EventCountry "ENG"]

1. e4 c5 2. Nc3 d6 3. g3 Nc6 4. Bg2 g6 5. d3 Bg7 6. f4 Nf6 7. Nf3 Bd7 8. O-O Qc8
9. Re1 O-O 10. e5 dxe5 11. fxe5 Ng4 12. Bf4 g5 13. Bxg5 Ncxe5 14. Nxe5 Nxe5 15. Nd5
Ng6 16. Bxe7 Bg4 17. Qd2 Re8 18. Nf6+ Bxf6 19. Bxf6 Qf5 20. Qc3 Re6 21. Rxe6 fxe6
22. Rf1 Qh5 23. Qb3 Rf8 24. Qxb7 Qh6 25. Qxa7 Be2 26. Rf2 Rxf6 27. Rxf6 Qe3+ 28.
Rf2 Qc1+ 29. Bf1 Bxf1 30. Qf7+ Kh8 31. Qf6+ Kg8 32. Qxe6+  1-0

[Event "British Chess Championships 2023: AM Tournament Open"]
[Site "De Montfort University, 20 Western Boulevard, Leicester, LE2 7BU"]
[Date "2023.07.29"]
[Round "6"]
[Board "6"]
[White "Banerjee, Supratit"]
[Black "Badacsonyi, Stanley"]
[Result "1/2-1/2"]
[WhiteElo "2059"]
[BlackElo "2190"]
[PlyCount "0"]
[EventDate "2023.07.24"]
[EventRounds "6"]
[EventCountry "ENG"]

1. e4 e6 2. d4 d5 3. exd5 exd5 4. Nf3 Bd6 5. Bd3 Ne7 6. Bg5 Nbc6 7. Nbd2 O-O 8. O-O
f6 9. Bh4 Bf5 10. Bxf5 Nxf5 11. c3 Kh8 12. Re1 Qd7 13. Bg3 Bxg3 14. hxg3 Nce7 15.
Nf1 c6 16. Qd3 Rae8 17. Ne3 Nd6 18. Nd2 Nef5 19. Nxf5 Qxf5 20. Qxf5 Nxf5 21. g4 Nd6
22. f3 Kg8 23. Kf2 Kf7 24. g3 Rxe1 25. Rxe1 Re8 26. Rxe8 Nxe8 27. Ke3 g5 28. Kd3
Ke6 29. Nf1 Nd6 30. Ne3 f5 31. gxf5+ Nxf5 32. Nxf5 Kxf5 33. Ke3 h5 34. Kf2 b6 35.
b4 b5 36. Kg2  1/2-1/2

[Event "British Chess Championships 2023: AM Tournament Open"]
[Site "De Montfort University, 20 Western Boulevard, Leicester, LE2 7BU"]
[Date "2023.07.29"]
[Round "6"]
[Board "7"]
[White "Verma, Shlok"]
[Black "Graham, Cassie M"]
[Result "1/2-1/2"]
[WhiteElo "2177"]
[BlackElo "2008"]
[PlyCount "0"]
[EventDate "2023.07.24"]
[EventRounds "6"]
[EventCountry "ENG"]

1. d4 Nf6 2. c4 g6 3. Nc3 Bg7 4. e4 d6 5. Nge2 O-O 6. Ng3 e5 7. d5 a5 8. h4 h5 9.
Be2 Na6 10. Bg5 Qe8 11. Qd2 Bd7 12. f3 Nc5 13. O-O-O a4 14. Rdg1 Qb8 15. Kb1 Ra6
16. Nf1 Nh7 17. Bh6 f5 18. g4 hxg4 19. fxg4 f4 20. Bxg7 Kxg7 21. g5 Be8 22. Bf3 Rh8
23. h5 Rb6 24. Kc2 Rb4 25. hxg6 Bxg6 26. Qh2 Nxg5 27. Qxh8+ Qxh8 28. Rxg5 Qxh1 29.
Bxh1 Kf6 30. Rg1 Rxc4 31. Nd2 Rb4 32. a3 Rb6 33. Bf3 Kf7 34. Re1 Ke7 35. Nc4 Rb3
36. Bd1 b5 37. Na5 Rxb2+ 38. Kxb2 Nd3+ 39. Kc2 Nxe1+ 40. Kd2 Ng2 41. Kd3 Ne3 42.
Bf3 Kf6 43. Ke2 b4 44. axb4 Nc2 45. Nxa4 Nxb4 46. Nc3 Be8 47. Nb3 Ke7 48. Na5 Kf6
49. Nb3  1/2-1/2

[Event "British Chess Championships 2023: AM Tournament Open"]
[Site "De Montfort University, 20 Western Boulevard, Leicester, LE2 7BU"]
[Date "2023.07.29"]
[Round "6"]
[Board "8"]
[White "Gordon, Sean"]
[Black "Rathbone-Jones, Ifan"]
[Result "0-1"]
[WhiteElo "1999"]
[BlackElo "2051"]
[PlyCount "0"]
[EventDate "2023.07.24"]
[EventRounds "6"]
[EventCountry "ENG"]

1. e4 c5 2. Nf3 Nc6 3. d4 cxd4 4. Nxd4 d6 5. Be3 g6 6. Nc3 Bg7 7. Qd2 Bd7 8. f3 Rc8
9. g4 Nf6 10. h4 h6 11. Be2 a6 12. h5 g5 13. Nf5 Bxf5 14. gxf5 b5 15. a3 Qa5 16.
Kf2 Ne5 17. Qd4 Neg4+ 18. fxg4 Nxg4+ 19. Bxg4 Bxd4 20. Bxd4 f6 21. Rhd1 Qc7 22. Rd2
d5 23. e5 fxe5 24. Nxd5 Qc4 25. Nb6 Qxd4+ 26. Rxd4 Rxc2+ 27. Kf3 exd4 28. Rd1 Rxb2
29. Rd3 Kf7 30. Nd5 Rc8 31. Ke4 Rc1 32. Bd1 e6 33. fxe6+ Kxe6 34. Bb3 Rxb3 35. Rxb3
Re1+ 36. Kxd4 Rd1+ 37. Kc5 Rxd5+ 38. Kb6 Rd6+ 39. Ka5 Kf5  0-1

[Event "British Chess Championships 2023: AM Tournament Open"]
[Site "De Montfort University, 20 Western Boulevard, Leicester, LE2 7BU"]
[Date "2023.07.29"]
[Round "6"]
[Board "9"]
[White "Staniland, Philip"]
[Black "Gilmore, Simon N"]
[Result "0-1"]
[WhiteElo "1908"]
[BlackElo "2121"]
[PlyCount "0"]
[EventDate "2023.07.24"]
[EventRounds "6"]
[EventCountry "ENG"]

1. d4 Nf6 2. Nc3 d5 3. Bf4 Bf5 4. f3 e6 5. g4 Bg6 6. h4 h5 7. g5 Nfd7 8. e3 Nb6 9.
Bd3 Bxd3 10. Qxd3 Bd6 11. Nge2 g6 12. O-O-O O-O 13. e4 Nc6 14. a3 Re8 15. Bxd6 Qxd6
16. e5 Qd7 17. b3 Ne7 18. Ng3 Kg7 19. Nce2 a5 20. Nf4 Rh8 21. a4 c6 22. Kd2 Qc7 23.
Ke2 c5 24. dxc5 Qxe5+ 25. Qe3 Qxe3+ 26. Kxe3 Nd7 27. Nd3 Rac8 28. Rh2 Nxc5 29. Nxc5
Rxc5 30. Rhd2 Rc3+ 31. Kf2 Rhc8 32. Rc1 Rxb3  0-1

[Event "British Chess Championships 2023: AM Tournament Open"]
[Site "De Montfort University, 20 Western Boulevard, Leicester, LE2 7BU"]
[Date "2023.07.29"]
[Round "6"]
[Board "10"]
[White "Bedi, Adam"]
[Black "Freeman, Ashley"]
[Result "1/2-1/2"]
[WhiteElo "1926"]
[BlackElo "1971"]
[PlyCount "0"]
[EventDate "2023.07.24"]
[EventRounds "6"]
[EventCountry "ENG"]

1. d4 f5 2. g3 Nf6 3. Bg2 e6 4. Nf3 Be7 5. O-O O-O 6. c4 d6 7. Nc3 Ne4 8. Qc2 Nxc3
9. bxc3 Nc6 10. Re1 e5 11. e4 f4 12. c5 Qe8 13. cxd6 cxd6 14. Qd3 fxg3 15. fxg3 Qh5
16. Ba3 Bg4 17. Rf1 Rf6  1/2-1/2

[Event "British Chess Championships 2023: AM Tournament Open"]
[Site "De Montfort University, 20 Western Boulevard, Leicester, LE2 7BU"]
[Date "2023.07.29"]
[Round "6"]
[Board "11"]
[White "Santhosh, Abhyuday"]
[Black "Verbytski, Oleg"]
[Result "1-0"]
[WhiteElo "1797"]
[BlackElo "1886"]
[PlyCount "0"]
[EventDate "2023.07.24"]
[EventRounds "6"]
[EventCountry "ENG"]

1. e4 c5 2. Nf3 d6 3. d4 cxd4 4. Nxd4 Nf6 5. Nc3 a6 6. Bg5 e6 7. f4 b5 8. e5 dxe5
9. fxe5 Qc7 10. exf6 Qe5+ 11. Be2 Qxg5 12. O-O Bb7 13. Bf3 Bxf3 14. Qxf3 Ra7 15.
Ne4 Qd5 16. Rad1 g6 17. Kh1 Nd7 18. Nxe6 Qxe6 19. Ng5 Qxf6 20. Qe3+ Qe5 21. Qxa7
 1-0

[Event "British Chess Championships 2023: AM Tournament Open"]
[Site "De Montfort University, 20 Western Boulevard, Leicester, LE2 7BU"]
[Date "2023.07.29"]
[Round "6"]
[Board "12"]
[White "Ramage, Colin R"]
[Black "James, Russell A"]
[Result "1/2-1/2"]
[WhiteElo "1920"]
[BlackElo "2096"]
[PlyCount "0"]
[EventDate "2023.07.24"]
[EventRounds "6"]
[EventCountry "ENG"]

1. e4 d6 2. d4 Nf6 3. Nc3 e5 4. dxe5 dxe5 5. Qxd8+ Kxd8 6. Bg5 Be6 7. Nf3 Nbd7 8.
O-O-O Kc8 9. Bb5 Bc5 10. Bh4 a6 11. Bxd7+ Nxd7 12. Ng5 h6 13. Nxe6 fxe6 14. Ne2 a5
15. Rd3 Ra6 16. Rhd1 Rd6 17. Rxd6 Bxd6 18. f3 g5 19. Bf2 Rf8 20. Rd3 g4 21. Kd2 h5
22. Bg1 Nf6 23. Nc3 Rg8 24. Bf2 gxf3 25. Rxf3 Ng4 26. h3 Nh2 27. Rf6 Rxg2 28. Ke2
Kd7 29. Nd1 Bc5 30. c3 Ke7 31. Rh6 Bxf2 32. Nxf2 Rg1 33. Rxh5 Kd6 34. Rh7 Rg3 35.
Rf7 a4 36. a3 b5 37. Rf8 Ke7 38. Rb8 c6 39. Rh8 Nf3 40. h4 Ng1+ 41. Kf1 Nf3 42. Ke2
Ng1+ 43. Kf1 Nh3  1/2-1/2

[Event "British Chess Championships 2023: AM Tournament Open"]
[Site "De Montfort University, 20 Western Boulevard, Leicester, LE2 7BU"]
[Date "2023.07.29"]
[Round "6"]
[Board "14"]
[White "Dayal, Samar"]
[Black "Davis, Timothy J"]
[Result "0-1"]
[WhiteElo "1433"]
[BlackElo "1989"]
[PlyCount "0"]
[EventDate "2023.07.24"]
[EventRounds "6"]
[EventCountry "ENG"]

1. e4 c6 2. d4 d5 3. exd5 cxd5 4. c4 Nf6 5. Nc3 Nc6 6. Nf3 Bg4 7. cxd5 Nxd5 8. Qb3
Bxf3 9. gxf3 e6 10. Qxb7 Nxd4 11. Bb5+ Nxb5 12. Qc6+ Ke7 13. Qxb5 Qd7 14. Nxd5+ Qxd5
15. Bg5+ f6 16. Qxd5 exd5 17. Be3 Ke6 18. O-O-O Rc8+ 19. Kb1 Bc5 20. Rd3 Rhd8 21.
Re1 Kf7 22. Red1 Ke6 23. a3 Rd7 24. Rc3 Rdc7 25. Rdc1 Bd6 26. Rxc7 Rxc7 27. Rxc7
Bxc7 28. Bxa7 Bxh2 29. b4 h5 30. Kc2 h4 31. Kd3 h3 32. Ke2 Be5 33. f4 h2  0-1